Discovering Statistics Using IBM SPSS Statistics

Uloženo v:
Podrobná bibliografie
Hlavní autor: Field, Andy
Médium: Neznámo
Jazyk:angličtina
Vydáno: Los Angeles, USA: SAGE, 2018
Vydání:5th edition
Témata:
Tagy: Přidat tag
Žádné tagy, Buďte první, kdo vytvoří štítek k tomuto záznamu!

MARC

LEADER 00000 a2200000 4500
003 CL-VaPUC
005 20220107125959.0
008 220103b2018 ||||| |||| 00| 0 eng d
999 |c 434062  |d 434060 
020 |a 978-1-5264-1952-1 (pbk) 
040 |c Pontificia Universidad Católica de Valparaíso 
082 7 |a 005.55 FIE 2018  |2 22 
100 1 |a Field, Andy  |9 864349 
245 1 |a Discovering Statistics Using IBM SPSS Statistics 
250 |a 5th edition  
260 |a Los Angeles, USA:   |b SAGE,  |c 2018 
300 |a 1070 páginas  
583 |k Cristina María Rojas Aguilar  |c 20220103 
650 0 |a SPSS  |9 362442 
650 0 |a Ciencias sociales   |9 256351  |x Métodos estadísticos  |x Programas de computador 
942 |2 ddc  |c BK 
952 |0 0  |1 0  |2 ddc  |4 0  |6 005_550000000000000_FIE_2018  |7 0  |8 A  |9 580032  |a BIBCUR  |b BIBCUR  |c GEN  |d 2022-01-03  |e 3  |g 97289.00  |i 563332K  |o 005.55 FIE 2018  |p 563332K  |r 2025-04-22  |t 1  |v 97289.00  |w 2022-01-03  |y BK  |k TEM 
952 |0 0  |1 0  |2 ddc  |4 0  |6 005_550000000000000_FIE_2018  |7 0  |8 A  |9 580033  |a BIBCUR  |b BIBCUR  |c GEN  |d 2022-01-03  |e 3  |g 97289.00  |i 5633354  |o 005.55 FIE 2018  |p 5633354  |r 2025-04-22  |t 4  |v 97289.00  |w 2022-01-03  |y BK  |k TEM 
952 |0 0  |1 0  |2 ddc  |4 0  |6 005_550000000000000_FIE_2018  |7 0  |8 A  |9 580034  |a BIBCUR  |b BIBCUR  |c GEN  |d 2022-01-03  |e 3  |g 97289.00  |i 5633370  |l 1  |o 005.55 FIE 2018  |p 5633370  |r 2025-04-22  |s 2023-05-09  |t 6  |v 97289.00  |w 2022-01-03  |y BK  |k TEM 
952 |0 0  |1 0  |2 ddc  |4 0  |6 005_550000000000000_FIE_2018  |7 0  |8 A  |9 580035  |a BIBCUR  |b BIBCUR  |c GEN  |d 2022-01-03  |e 3  |g 97289.00  |i 5633362  |o 005.55 FIE 2018  |p 5633362  |r 2025-04-22  |t 5  |v 97289.00  |w 2022-01-03  |y BK  |k TEM 
952 |0 0  |1 0  |2 ddc  |4 0  |6 005_550000000000000_FIE_2018  |7 0  |8 A  |9 580036  |a BIBCUR  |b BIBCUR  |c GEN  |d 2022-01-03  |e 3  |g 97289.00  |i 5633346  |o 005.55 FIE 2018  |p 5633346  |r 2025-04-22  |t 3  |v 97289.00  |w 2022-01-03  |y BK  |k TEM 
952 |0 0  |1 0  |2 ddc  |4 0  |6 005_550000000000000_FIE_2018  |7 0  |8 A  |9 580037  |a BIBCUR  |b BIBCUR  |c GEN  |d 2022-01-03  |e 3  |g 97289.00  |i 5633338  |o 005.55 FIE 2018  |p 5633338  |r 2025-04-22  |t 2  |v 97289.00  |w 2022-01-03  |y BK  |k TEM